Statistics for Golden State Warriors: Retired Numbers

Click here to take the quiz!

General Stats

  • This quiz has been taken 45 times
  • The average score is 3 of 6

Answer Stats

NumberPlayer% Correct
13Wilt Chamberlain
95%
17Chris Mullin
80%
24Rick Barry
80%
42Nate Thurmond
66%
16Al Attles
10%
14Tom Meschery
5%

Score Distribution

Percentile by Number Answered

Percent of People with Each Score

Your Score History

You have not taken this quiz